History Quiz

Random History or Oceania Quiz

Country by Role in World War II (Part 1) Quiz Stats

 Plays Quiz not verified by Sporcle

Score 0/25 Timer 10:00
3 Plays Today
% Correct
Ethiopia
60%
Iceland
53.5%
Guinea-Bissau
49.5%
Bangladesh
49.3%
Switzerland
49%
Singapore
45.1%
Bosnia and Herzegovina
43.9%
Pakistan
43.2%
Mozambique
41.8%
Kiribati
40.5%
Slovenia
40.5%
Morocco
38.7%
Bulgaria
38.3%
% Correct
Botswana
36.3%
Central African Republic
32.9%
Argentina
31.4%
Mauritius
29.3%
South Africa
29%
Malawi
26.6%
Dominica
24.1%
Nicaragua
23.3%
Mexico
22.7%
Turkey
19.9%
Ecuador
13.8%
The Gambia
11.2%

You're not logged in!

Compare scores with friends on all Sporcle quizzes.
OR
Log In

You Might Also Like...

Show Comments

Extras

Top Quizzes Today


Score Distribution

Your Account Isn't Verified!

In order to create a playlist on Sporcle, you need to verify the email address you used during registration. Go to your Sporcle Settings to finish the process.

Report this User

Report this user for behavior that violates our Community Guidelines.

Details: